[Event "37. Copenhagen Open (Politiken Cup)"]
[Site "Elsinore"]
[Date "2015.07.27"]
[Round "4"]
[White "Schmidt, Kristen"]
[Black "Jacobsen, Fredrik Beer"]
[Result "1-0"]
[WhiteElo "2254"]
[BlackElo "2071"]
[PlyCount "83"]
[EventDate "2015.07.25"]
[EventType "swiss"]
[EventRounds "10"]
[EventCountry "DEN"]
[Source "ChessBase"]
[SourceDate "2015.09.14"]

1. e4 c5 2. c3 Nf6 3. e5 Nd5 4. d4 cxd4 5. cxd4 Nc6 6. Nf3 d6 7. Bc4 Nb6 8. Bb3
d5 9. h3 e6 10. O-O Bd7 11. Nc3 Bb4 12. a3 Bxc3 13. bxc3 Na5 14. Bc2 Bb5 15.
Re1 Nbc4 16. Rb1 Bc6 17. Nd2 Nxd2 18. Bxd2 Nc4 19. Bc1 Qa5 20. Qf3 O-O-O 21. a4
Rdf8 22. Rb4 Nb6 23. Bg5 Kd7 24. Qg4 h6 25. Bc1 g6 26. Re3 Kc8 27. Qd1 Rfg8 28.
Rg3 Rg7 29. h4 Be8 30. h5 Nd7 31. hxg6 fxg6 32. Qg4 Bf7 33. f4 Qd8 34. f5 h5
35. Qh3 Qe8 36. a5 Kb8 37. f6 Rgg8 38. c4 Ka8 39. Ba4 Qc8 40. Rc3 g5 41. cxd5
Qf8 42. d6 1-0

[Event "37. Copenhagen Open (Politiken Cup)"]
[Site "Elsinore"]
[Date "2015.07.27"]
[Round "4"]
[White "Schmitt, Carsten1"]
[Black "Rewitz, Poul"]
[Result "1-0"]
[WhiteElo "1988"]
[BlackElo "2184"]
[PlyCount "79"]
[EventDate "2015.07.25"]
[EventType "swiss"]
[EventRounds "10"]
[EventCountry "DEN"]
[Source "ChessBase"]
[SourceDate "2015.09.14"]

1. c4 c6 2. g3 g6 3. Bg2 Bg7 4. Nf3 f5 5. O-O Nf6 6. d3 O-O 7. Nbd2 d6 8. e4 f4
9. e5 Nh5 10. c5 dxe5 11. Qb3+ Qd5 12. Nc4 Be6 13. Qxb7 Nd7 14. Nfxe5 f3 15.
Nxf3 Nxc5 16. Qxe7 Rae8 17. Qxa7 Nxd3 18. Nfe5 Bxe5 19. Bxd5 Bxd5 20. Nxe5 Nxe5
21. f4 Nf3+ 22. Rxf3 Bxf3 23. Be3 Rf7 24. Qb6 Nf6 25. Bd4 Ng4 26. h3 Nh6 27.
Kf2 Bd5 28. Re1 Ref8 29. Be5 Nf5 30. g4 Nh4 31. g5 Nf3 32. Bf6 h6 33. Re7 hxg5
34. Rxf7 Rxf7 35. Qd8+ Rf8 36. Qe7 Bf7 37. Kxf3 gxf4 38. Kxf4 Re8 39. Qc7 c5
40. a4 1-0

[Event "37. Copenhagen Open (Politiken Cup)"]
[Site "Elsinore"]
[Date "2015.07.27"]
[Round "4"]
[White "Schou Moldt, Thomas"]
[Black "Kaasen, Tor Fredrik"]
[Result "0-1"]
[WhiteElo "2205"]
[BlackElo "2026"]
[PlyCount "98"]
[EventDate "2015.07.25"]
[EventType "swiss"]
[EventRounds "10"]
[EventCountry "DEN"]
[Source "ChessBase"]
[SourceDate "2015.09.14"]

1. e4 c5 2. Nf3 e6 3. d4 cxd4 4. Nxd4 Nc6 5. Nc3 Qc7 6. f4 Bb4 7. Ndb5 Qb8 8.
a3 Be7 9. Be3 d6 10. Qd2 Nf6 11. O-O-O O-O 12. Nxd6 Rd8 13. e5 Bxd6 14. exd6
Ne8 15. Bb5 Rxd6 16. Qf2 Bd7 17. Bc5 Rxd1+ 18. Rxd1 Qc7 19. Qd2 Nf6 20. g3 a6
21. Bf1 b5 22. Qf2 Qb7 23. Qf3 Rc8 24. Bd4 e5 25. fxe5 Bg4 26. Qg2 Bxd1 27.
exf6 Qd7 28. Be3 Bh5 29. fxg7 Re8 30. Bd2 Nd4 31. Qd5 Qg4 32. h3 Qf3 33. Qxf3
Bxf3 34. Bd3 Kxg7 35. b4 f5 36. Bf4 Be4 37. Bxe4 fxe4 38. Nd5 Ne2+ 39. Kd2 Nxf4
40. Nxf4 Kf6 41. Ke3 Ke5 42. c3 Rd8 43. Ke2 Rd7 44. h4 Kf5 45. h5 Rd6 46. Ke3
Rd1 47. Ne2 Rd3+ 48. Kf2 Kg4 49. h6 Kg5 0-1

[Event "37. Copenhagen Open (Politiken Cup)"]
[Site "Elsinore"]
[Date "2015.07.27"]
[Round "4"]
[White "Semcesen, Daniel"]
[Black "Royset, Pal"]
[Result "1/2-1/2"]
[WhiteElo "2437"]
[BlackElo "2236"]
[PlyCount "75"]
[EventDate "2015.07.25"]
[EventType "swiss"]
[EventRounds "10"]
[EventCountry "DEN"]
[Source "ChessBase"]
[SourceDate "2015.09.14"]

1. d4 Nf6 2. c4 e6 3. Nc3 d5 4. cxd5 exd5 5. Bg5 c6 6. Qc2 Nbd7 7. e3 Be7 8.
Bd3 Nf8 9. Nge2 Ne6 10. Bh4 g6 11. f3 Ng7 12. O-O O-O 13. Rad1 Nfh5 14. Bxe7
Qxe7 15. e4 dxe4 16. fxe4 Bg4 17. h3 Bxe2 18. Nxe2 Rad8 19. e5 Ne6 20. Bc4 Nhg7
21. Qe4 Qb4 22. b3 Qb6 23. Kh1 Rd7 24. Rf6 Qa5 25. a4 Rfd8 26. Rdf1 Qb4 27. Qf3
Qe7 28. Qg4 Qe8 29. d5 cxd5 30. Bb5 Nh5 31. R6f2 a6 32. Bxd7 Rxd7 33. Rd1 Qb8
34. Nd4 Qxe5 35. Nxe6 fxe6 36. Qf3 Qd6 37. g4 Ng3+ 38. Kg2 1/2-1/2

[Event "37. Copenhagen Open (Politiken Cup)"]
[Site "Elsinore"]
[Date "2015.07.27"]
[Round "4"]
[White "Shehzad, Kasher"]
[Black "Nielsen, Leo"]
[Result "0-1"]
[WhiteElo "1563"]
[BlackElo "1775"]
[PlyCount "97"]
[EventDate "2015.07.25"]
[EventType "swiss"]
[EventRounds "10"]
[EventCountry "DEN"]
[Source "ChessBase"]
[SourceDate "2015.09.14"]

1. e4 c5 2. Nf3 Nc6 3. c3 e6 4. d4 d5 5. exd5 Qxd5 6. Bb5 a6 7. Qa4 Bd6 8. O-O
Nge7 9. c4 Qh5 10. Bxc6+ Nxc6 11. d5 exd5 12. cxd5 b5 13. Qe4+ Ne7 14. Bg5 Bf5
15. Qe3 f6 16. Bf4 Bxf4 17. Qxf4 O-O 18. Qd6 Qf7 19. Qxc5 Nxd5 20. Nc3 Nxc3 21.
Qxf5 Nxa2 22. Qc5 b4 23. Rfe1 Rac8 24. Qa5 b3 25. Nd4 Rb8 26. Nc6 Rb5 27. Qxa6
Rb7 28. Qa4 h6 29. Rad1 Qh5 30. Ne7+ Rxe7 31. Qxb3+ Qf7 32. Qxf7+ Rfxf7 33.
Rxe7 Rxe7 34. Kf1 Rc7 35. Rd2 Kf7 36. h4 Nb4 37. g3 Ke6 38. Rd4 Nd5 39. Kg2 Rb7
40. Rg4 f5 41. Rg6+ Nf6 42. Kf3 Kf7 43. h5 Rxb2 44. Ke3 Rb6 45. Kd4 Re6 46. f3
Nxh5 47. Rxe6 Kxe6 48. g4 fxg4 49. fxg4 0-1

[Event "37. Copenhagen Open (Politiken Cup)"]
[Site "Elsinore"]
[Date "2015.07.27"]
[Round "4"]
[White "Simensen, Vegard"]
[Black "Hvenekilde, Jorgen"]
[Result "1-0"]
[WhiteElo "1859"]
[BlackElo "2114"]
[PlyCount "85"]
[EventDate "2015.07.25"]
[EventType "swiss"]
[EventRounds "10"]
[EventCountry "DEN"]
[Source "ChessBase"]
[SourceDate "2015.09.14"]

1. d4 d6 2. e4 g6 3. Nf3 Bg7 4. Nc3 a6 5. a4 b6 6. Bc4 e6 7. Bg5 Ne7 8. O-O Nd7
9. Re1 h6 10. Be3 Bb7 11. Qd2 c5 12. d5 e5 13. Nh4 Bf6 14. Nf3 g5 15. h3 Ng6
16. Ne2 Nf4 17. Ng3 h5 18. Nf5 Nf8 19. Bxf4 gxf4 20. b4 Bc8 21. bxc5 bxc5 22.
Rab1 Ng6 23. a5 Ne7 24. Rb6 Nxf5 25. exf5 Kf8 26. Bd3 Qd7 27. Reb1 Bd8 28. Rb8
Rxb8 29. Rxb8 Kg7 30. Rb1 Qa4 31. Qe2 Bxa5 32. Nxe5 Bc3 33. Nc4 Rh6 34. Rb8 Bd7
35. Qe7 Bxf5 36. Qf8+ Kg6 37. Bxf5+ Kxf5 38. Qxh6 Qxc4 39. Qxh5+ Ke4 40. Re8+
Be5 41. Qf3+ Kd4 42. Qd1+ Ke4 43. h4 1-0

[Event "37. Copenhagen Open (Politiken Cup)"]
[Site "Elsinore"]
[Date "2015.07.27"]
[Round "4"]
[White "Ski, Alexander K"]
[Black "Sorensen, Bernhard W"]
[Result "0-1"]
[WhiteElo "1445"]
[BlackElo "1704"]
[PlyCount "64"]
[EventDate "2015.07.25"]
[EventType "swiss"]
[EventRounds "10"]
[EventCountry "DEN"]
[Source "ChessBase"]
[SourceDate "2015.09.14"]

1. e4 e6 2. d4 d5 3. exd5 exd5 4. Nf3 Bd6 5. Bd3 Nc6 6. Be3 Nge7 7. O-O Bg4 8.
Nbd2 Qd7 9. c3 O-O 10. Qc2 Bf5 11. Bxf5 Nxf5 12. Rfe1 Rae8 13. Qd3 Nce7 14. Ne5
Bxe5 15. dxe5 Ng6 16. Bd4 b6 17. b4 Nfh4 18. Nf3 Nxg2 19. e6 fxe6 20. Ne5 Nxe5
21. Rxe5 Nf4 22. Qg3 Rf6 23. Re3 Rg6 24. Qxg6 Nxg6 25. Kh1 e5 26. Rae1 Qf5 27.
Rg3 Rf8 28. Be3 d4 29. cxd4 exd4 30. Bxd4 Qd5+ 31. Kg1 Qxd4 32. a3 Qxf2+ 0-1

[Event "37. Copenhagen Open (Politiken Cup)"]
[Site "Elsinore"]
[Date "2015.07.27"]
[Round "4"]
[White "Ski, Jonathan K"]
[Black "Hojem, Roger"]
[Result "1/2-1/2"]
[WhiteElo "1549"]
[BlackElo "1738"]
[PlyCount "38"]
[EventDate "2015.07.25"]
[EventType "swiss"]
[EventRounds "10"]
[EventCountry "DEN"]
[Source "ChessBase"]
[SourceDate "2015.09.14"]

1. e4 e6 2. d4 d5 3. exd5 exd5 4. Nf3 Nc6 5. Bf4 Nf6 6. Be2 Be7 7. O-O O-O 8.
c3 Re8 9. Nbd2 Bd6 10. Bg5 h6 11. Bh4 Be6 12. Re1 Be7 13. Bd3 Nb8 14. Qc2 Nbd7
15. Re2 c5 16. Rae1 cxd4 17. Nxd4 Nc5 18. Bxf6 Bxf6 19. Bf5 Qd7 1/2-1/2

[Event "37. Copenhagen Open (Politiken Cup)"]
[Site "Elsinore"]
[Date "2015.07.27"]
[Round "4"]
[White "Skjoldager, Flemming"]
[Black "Maselli, Daniel"]
[Result "0-1"]
[WhiteElo "1944"]
[BlackElo "1717"]
[PlyCount "54"]
[EventDate "2015.07.25"]
[EventType "swiss"]
[EventRounds "10"]
[EventCountry "DEN"]
[Source "ChessBase"]
[SourceDate "2015.09.14"]

1. e4 c5 2. b3 d6 3. Bb2 Nc6 4. Bb5 Bd7 5. Nf3 e6 6. O-O Nf6 7. Re1 Be7 8. d4
Nxd4 9. Bxd7+ Qxd7 10. Nxd4 cxd4 11. Bxd4 O-O 12. c4 a6 13. Nd2 b5 14. Rc1 Rac8
15. Qf3 Rfd8 16. Rcd1 Qb7 17. Qg3 Rb8 18. e5 dxe5 19. Bxe5 Rbc8 20. cxb5 axb5
21. Bxf6 Bxf6 22. Nf1 Qa6 23. Rxd8+ Rxd8 24. Re2 g6 25. Rc2 b4 26. Ne3 Bc3 27.
Nc4 Rd1# 0-1

[Event "37. Copenhagen Open (Politiken Cup)"]
[Site "Elsinore"]
[Date "2015.07.27"]
[Round "4"]
[White "Skjoldager, Per"]
[Black "Tarjan, James Edward"]
[Result "1/2-1/2"]
[WhiteElo "2170"]
[BlackElo "2490"]
[PlyCount "98"]
[EventDate "2015.07.25"]
[EventType "swiss"]
[EventRounds "10"]
[EventCountry "DEN"]
[Source "ChessBase"]
[SourceDate "2015.09.14"]

1. e4 c6 2. d4 d5 3. e5 Bf5 4. Nc3 Qb6 5. Nf3 Bg4 6. Be2 Bxf3 7. Bxf3 e6 8. O-O
Nd7 9. b3 Ne7 10. Na4 Qc7 11. c4 dxc4 12. bxc4 Rd8 13. Qb3 Nf5 14. Bb2 Be7 15.
Rad1 O-O 16. Rfe1 Qb8 17. g4 Nh4 18. Be2 Kh8 19. Qg3 Ng6 20. Rf1 b5 21. cxb5
cxb5 22. Nc3 b4 23. Ne4 f5 24. exf6 Nxf6 25. Qxb8 Rxb8 26. Nxf6 Bxf6 27. f4
Rbc8 28. Bd3 Rfd8 29. f5 exf5 30. Bxf5 Rc7 31. Rc1 Rxc1 32. Rxc1 Nf4 33. Rc4 g6
34. g5 gxf5 35. gxf6 Nd5 36. Kf2 Kg8 37. a3 bxa3 38. Bxa3 Nxf6 39. Bc5 a6 40.
Kf3 Nd5 41. Ra4 Ra8 42. Ra5 Kf7 43. Bd6 Ke6 44. Bg3 Ra7 45. Bh4 Ra8 46. Bg5 Ra7
47. h4 h5 48. Bd2 Kd6 49. Bg5 Ke6 1/2-1/2

[Event "37. Copenhagen Open (Politiken Cup)"]
[Site "Elsinore"]
[Date "2015.07.27"]
[Round "4"]
[White "Skjolingstad, Sverre"]
[Black "Nilsen, Tobias Lang"]
[Result "0-1"]
[WhiteElo "1519"]
[BlackElo "1855"]
[PlyCount "66"]
[EventDate "2015.07.25"]
[EventType "swiss"]
[EventRounds "10"]
[EventCountry "DEN"]
[Source "ChessBase"]
[SourceDate "2015.09.14"]

1. e4 e6 2. d4 d5 3. Nc3 Nf6 4. e5 Nfd7 5. f4 c5 6. Nf3 Nc6 7. Be3 cxd4 8. Nxd4
Bc5 9. Qd2 Nxd4 10. Bxd4 Bxd4 11. Qxd4 Qb6 12. Qxb6 Nxb6 13. Nb5 Ke7 14. Kf2 a6
15. Nd6 f6 16. Bd3 Rb8 17. b3 Bd7 18. c4 Bc6 19. Rhf1 Nd7 20. cxd5 Bxd5 21. Nc4
fxe5 22. Nxe5 Nxe5 23. fxe5 Rbc8 24. Rfc1 g6 25. Rab1 Rhd8 26. Rxc8 Rxc8 27.
Rb2 Rd8 28. Ke3 Bc6 29. Rc2 Rd5 30. g3 Rxe5+ 31. Kf4 Kf6 32. Bxa6 Re4+ 33. Kf3
Rc4+ 0-1

[Event "37. Copenhagen Open (Politiken Cup)"]
[Site "Elsinore"]
[Date "2015.07.27"]
[Round "4"]
[White "Skovgaard, Emil"]
[Black "Huse, Arne Kjelsbol"]
[Result "1/2-1/2"]
[WhiteElo "1657"]
[BlackElo "1222"]
[PlyCount "58"]
[EventDate "2015.07.25"]
[EventType "swiss"]
[EventRounds "10"]
[EventCountry "DEN"]
[Source "ChessBase"]
[SourceDate "2015.09.14"]

1. d4 d5 2. c4 c6 3. Nc3 Nf6 4. Nf3 Bg4 5. Bf4 e6 6. e3 Be7 7. h3 Bh5 8. cxd5
cxd5 9. Be2 O-O 10. O-O Bd6 11. Bxd6 Qxd6 12. Rc1 Nc6 13. Nd2 Bxe2 14. Qxe2
Rfe8 15. Nb3 e5 16. dxe5 Qxe5 17. Qd2 Rad8 18. Nd4 Nxd4 19. exd4 Qf5 20. Rfe1
Rxe1+ 21. Rxe1 h6 22. Re5 Qg6 23. Qe2 Rd7 24. Qb5 Qc2 25. Nxd5 Qc1+ 26. Kh2
Nxd5 27. Qxd7 Qf4+ 28. Kg1 Qc1+ 29. Kh2 Qf4+ 1/2-1/2

[Event "37. Copenhagen Open (Politiken Cup)"]
[Site "Elsinore"]
[Date "2015.07.27"]
[Round "4"]
[White "Skovgaard, Tom"]
[Black "Nilssen, Ellen Fredericia"]
[Result "1/2-1/2"]
[WhiteElo "2022"]
[BlackElo "1819"]
[PlyCount "133"]
[EventDate "2015.07.25"]
[EventType "swiss"]
[EventRounds "10"]
[EventCountry "DEN"]
[Source "ChessBase"]
[SourceDate "2015.09.14"]

1. e4 e6 2. d4 d5 3. Nd2 Be7 4. c4 c5 5. exd5 exd5 6. dxc5 a5 7. Ngf3 Nf6 8.
cxd5 Nxd5 9. Bb5+ Bd7 10. Bc4 Bc6 11. O-O O-O 12. Ne5 Qc7 13. Nxc6 Qxc6 14. Qb3
Rd8 15. Ne4 a4 16. Qf3 b5 17. Bxd5 Rxd5 18. Be3 Nd7 19. Nc3 Rxc5 20. Bxc5 Qxf3
21. gxf3 Nxc5 22. Rfe1 Kf8 23. Nxb5 Rb8 24. Nc3 Rxb2 25. Re2 Nd3 26. Rd1 Rxe2
27. Nxe2 Nb4 28. a3 Nc6 29. Rc1 Nd8 30. Rc4 Bxa3 31. Rxa4 Bb2 32. Kg2 Ne6 33.
f4 Ke7 34. Kf3 g6 35. Ra7+ Kf8 36. Ra8+ Kg7 37. Ra2 Bf6 38. Ng3 Nc5 39. Ra7 Bd4
40. Rc7 Ne6 41. Rd7 Bb6 42. Ne4 Nc5 43. Rd6 Nxe4 44. Rxb6 Nf6 45. h3 Nd5 46.
Rd6 Ne7 47. Ke4 Ng8 48. Ke5 Nh6 49. Ra6 Nf5 50. Rb6 Nh4 51. Ra6 Nf5 52. Ra1 Nh4
53. Ra3 Nf5 54. Rd3 Nh4 55. Ke4 Nf5 56. Kf3 Nh6 57. Rd6 Nf5 58. Rd5 Kf6 59. Kg4
Nh6+ 60. Kf3 Nf5 61. Ke4 Nh4 62. Rd6+ Kg7 63. Rd5 Kf6 64. Rg5 Nf5 65. Rg1 Nh4
66. Ra1 Nf5 67. Ra6+ 1/2-1/2

[Event "37. Copenhagen Open (Politiken Cup)"]
[Site "Elsinore"]
[Date "2015.07.27"]
[Round "4"]
[White "Smirin, Ilia"]
[Black "Kollars, Dmitrij"]
[Result "1-0"]
[WhiteElo "2663"]
[BlackElo "2437"]
[PlyCount "75"]
[EventDate "2015.07.25"]
[EventType "swiss"]
[EventRounds "10"]
[EventCountry "DEN"]
[Source "ChessBase"]
[SourceDate "2015.09.14"]

1. c4 Nf6 2. Nc3 g6 3. e4 d6 4. d4 Bg7 5. Be2 O-O 6. Bg5 Na6 7. Nf3 e5 8. O-O
Qe8 9. Re1 h6 10. Bxf6 Bxf6 11. c5 Bg7 12. cxd6 cxd6 13. Rc1 Nc7 14. dxe5 dxe5
15. Qd6 Qd8 16. Qa3 Ne6 17. Red1 Nd4 18. Nxd4 exd4 19. Nd5 Be6 20. Nc7 Rc8 21.
Nxe6 fxe6 22. Rxc8 Qxc8 23. Bd3 a6 24. e5 Qc7 25. Bxg6 Qxe5 26. Bd3 Kh8 27. Rf1
h5 28. Qe7 b5 29. Qb7 a5 30. h4 b4 31. g3 Kg8 32. b3 Qc5 33. Re1 Qc3 34. Qe4
Rf6 35. Bc4 Kh8 36. Bxe6 d3 37. Bc4 d2 38. Rd1 1-0

[Event "37. Copenhagen Open (Politiken Cup)"]
[Site "Elsinore"]
[Date "2015.07.27"]
[Round "4"]
[White "Sorensen, Per Settergren"]
[Black "Solberg, Joachim"]
[Result "0-1"]
[WhiteElo "2087"]
[BlackElo "2270"]
[PlyCount "82"]
[EventDate "2015.07.25"]
[EventType "swiss"]
[EventRounds "10"]
[EventCountry "DEN"]
[Source "ChessBase"]
[SourceDate "2015.09.14"]

1. e4 c5 2. Nf3 e6 3. d4 cxd4 4. Nxd4 a6 5. Nc3 b5 6. Bd3 Bb7 7. O-O d6 8. Re1
Nd7 9. a4 b4 10. Nd5 exd5 11. exd5+ Be7 12. Bg5 Kf8 13. Qf3 Bf6 14. Bxf6 Ngxf6
15. Nf5 Ne5 16. Qg3 g6 17. Nxd6 Qxd6 18. Rxe5 Kg7 19. f4 Nd7 20. Re2 Rae8 21.
Rf2 Bxd5 22. Rd1 Nf6 23. Rfd2 Qc5+ 24. Kh1 Bb7 25. f5 Qe3 26. Qxe3 Rxe3 27. Kg1
Rhe8 28. fxg6 hxg6 29. Rf1 Re1 30. Rdf2 Rxf1+ 31. Kxf1 Ng4 32. Re2 Rxe2 33.
Kxe2 Kf6 34. h3 Ne5 35. g3 Ke6 36. Ke3 Nxd3 37. Kxd3 Kd5 38. b3 a5 39. h4 Bc8
40. c4+ bxc3 41. Kxc3 Kc5 0-1

[Event "37. Copenhagen Open (Politiken Cup)"]
[Site "Elsinore"]
[Date "2015.07.27"]
[Round "4"]
[White "Sparvang, Johnny"]
[Black "Strachan, Christian C"]
[Result "0-1"]
[WhiteElo "1619"]
[BlackElo "1884"]
[PlyCount "42"]
[EventDate "2015.07.25"]
[EventType "swiss"]
[EventRounds "10"]
[EventCountry "DEN"]
[Source "ChessBase"]
[SourceDate "2015.09.14"]

1. e4 e6 2. f4 d5 3. e5 c5 4. c3 Nc6 5. d4 Qb6 6. Nf3 cxd4 7. cxd4 f6 8. Nc3
Bd7 9. Bb5 a6 10. Bxc6 bxc6 11. b3 c5 12. Be3 Rc8 13. Ne2 Nh6 14. h3 Nf5 15.
Bf2 cxd4 16. Nexd4 Bb4+ 17. Kf1 Nxd4 18. Nxd4 Bc5 19. Rc1 O-O 20. g3 fxe5 21.
fxe5 Bxd4 0-1

[Event "37. Copenhagen Open (Politiken Cup)"]
[Site "Elsinore"]
[Date "2015.07.27"]
[Round "4"]
[White "Stam, Bart"]
[Black "Engel, Luis"]
[Result "1-0"]
[WhiteElo "1946"]
[BlackElo "2200"]
[PlyCount "81"]
[EventDate "2015.07.25"]
[EventType "swiss"]
[EventRounds "10"]
[EventCountry "DEN"]
[Source "ChessBase"]
[SourceDate "2015.09.14"]

1. e4 c5 2. Nf3 d6 3. b3 Nf6 4. Bb5+ Nbd7 5. Nc3 e6 6. O-O Be7 7. Re1 O-O 8.
Bb2 Ne5 9. a4 a6 10. Bf1 b6 11. d3 Bb7 12. Nxe5 dxe5 13. Ne2 Nd7 14. Ng3 Bd6
15. Qh5 Qf6 16. Re3 Qg6 17. Qh4 Nf6 18. Be2 h6 19. Nh1 Nh7 20. Rg3 Qf6 21. Qh5
g5 22. f4 Qg7 23. fxg5 hxg5 24. h4 Be7 25. Rf1 f5 26. hxg5 f4 27. Rh3 Nxg5 28.
Rh2 Rf7 29. Bg4 f3 30. gxf3 Rxf3 31. Nf2 Rg3+ 32. Kh1 Bf6 33. Bc1 Kf8 34. Nh3
Nxe4 35. dxe4 Bxe4+ 36. Bf3 Bxf3+ 37. Rxf3 Qb7 38. Rhf2 Ke7 39. Kh2 Rxf3 40.
Qh7+ Kd6 41. Qxb7 1-0

[Event "37. Copenhagen Open (Politiken Cup)"]
[Site "Elsinore"]
[Date "2015.07.27"]
[Round "4"]
[White "Stojanovski, Sandi"]
[Black "Bering, Anders"]
[Result "1-0"]
[WhiteElo "2192"]
[BlackElo "1996"]
[PlyCount "41"]
[EventDate "2015.07.25"]
[EventType "swiss"]
[EventRounds "10"]
[EventCountry "DEN"]
[Source "ChessBase"]
[SourceDate "2015.09.14"]

1. c4 e5 2. g3 g6 3. Bg2 Bg7 4. Nc3 d6 5. e4 Ne7 6. Nge2 c6 7. d4 a5 8. O-O O-O
9. Be3 Nd7 10. Qd2 Qc7 11. Rad1 Re8 12. Bh6 Nf8 13. Bxg7 Kxg7 14. f4 f5 15. d5
cxd5 16. fxe5 Qc5+ 17. Kh1 d4 18. exd6 dxc3 19. Qxc3+ Kg8 20. dxe7 Qxe7 21. Nf4
1-0

[Event "37. Copenhagen Open (Politiken Cup)"]
[Site "Elsinore"]
[Date "2015.07.27"]
[Round "4"]
[White "Szumniak, Jedrzej"]
[Black "Pedersen, Hans Buus"]
[Result "1/2-1/2"]
[WhiteElo "1975"]
[BlackElo "2158"]
[PlyCount "28"]
[EventDate "2015.07.25"]
[EventType "swiss"]
[EventRounds "10"]
[EventCountry "DEN"]
[Source "ChessBase"]
[SourceDate "2015.09.14"]

1. d4 e6 2. c4 Bb4+ 3. Bd2 a5 4. Nf3 f5 5. g3 Nf6 6. Nc3 O-O 7. Bg2 d6 8. O-O
Bxc3 9. Bxc3 Ne4 10. Qd3 Nd7 11. b4 Nxc3 12. Qxc3 a4 13. Nd2 e5 14. e4 f4
1/2-1/2

[Event "37. Copenhagen Open (Politiken Cup)"]
[Site "Elsinore"]
[Date "2015.07.27"]
[Round "4"]
[White "Tan, Justin2"]
[Black "Naroditsky, Daniel"]
[Result "0-1"]
[WhiteElo "2417"]
[BlackElo "2622"]
[PlyCount "74"]
[EventDate "2015.07.25"]
[EventType "swiss"]
[EventRounds "10"]
[EventCountry "DEN"]
[Source "ChessBase"]
[SourceDate "2015.09.14"]

1. e4 e5 2. Nf3 Nc6 3. Bb5 a6 4. Ba4 Nf6 5. O-O Be7 6. d3 b5 7. Bb3 d6 8. a3
O-O 9. Nc3 Nb8 10. Ng5 h6 11. f4 hxg5 12. fxg5 Ng4 13. Rf5 Bxf5 14. exf5 Bxg5
15. Qxg4 Bxc1 16. Rxc1 Nd7 17. Rf1 c6 18. Rf3 Nf6 19. Qh4 Qb6+ 20. Kh1 Qd4 21.
Qg5 Qg4 22. Qd2 d5 23. Nd1 e4 24. Ne3 Qh4 25. g3 Qh5 26. Rf4 d4 27. Nf1 e3 28.
Qe1 Rfe8 29. Kg2 Rad8 30. h3 Nd5 31. Bxd5 Rxd5 32. g4 Qh6 33. Rf3 Rc5 34. c3 e2
35. Ng3 dxc3 36. bxc3 Rxc3 37. Ne4 Qc1 0-1

[Event "37. Copenhagen Open (Politiken Cup)"]
[Site "Elsinore"]
[Date "2015.07.27"]
[Round "4"]
[White "Tandrup, Michael"]
[Black "Nielsen, Kai Gylling"]
[Result "1/2-1/2"]
[WhiteElo "1960"]
[BlackElo "1761"]
[PlyCount "71"]
[EventDate "2015.07.25"]
[EventType "swiss"]
[EventRounds "10"]
[EventCountry "DEN"]
[Source "ChessBase"]
[SourceDate "2015.09.14"]

1. d4 Nf6 2. Nf3 d5 3. c4 c6 4. Qc2 g6 5. e3 Bg7 6. Nbd2 O-O 7. b3 a5 8. Bb2
Na6 9. a3 Bd7 10. Ne5 Bf5 11. Bd3 Bxd3 12. Qxd3 Nd7 13. Ndf3 Nxe5 14. Nxe5 f6
15. Nf3 Nc7 16. h4 Rf7 17. h5 g5 18. Kf1 a4 19. b4 dxc4 20. Qxc4 Qd5 21. Qc2
Qb5+ 22. Kg1 Nd5 23. Rc1 e6 24. Nd2 Qe2 25. Ne4 Qxc2 26. Rxc2 h6 27. Nd6 Rd7
28. Nc4 f5 29. Nd2 Nf6 30. f3 Nd5 31. Kf2 f4 32. Nf1 fxe3+ 33. Nxe3 Nf4 34. Rd2
Rad8 35. g3 Nd5 36. Nxd5 1/2-1/2

[Event "37. Copenhagen Open (Politiken Cup)"]
[Site "Elsinore"]
[Date "2015.07.27"]
[Round "4"]
[White "Thogersen, Rasmus"]
[Black "Hammer, Jon Ludvig"]
[Result "0-1"]
[WhiteElo "2192"]
[BlackElo "2677"]
[PlyCount "114"]
[EventDate "2015.07.25"]
[EventType "swiss"]
[EventRounds "10"]
[EventCountry "DEN"]
[Source "ChessBase"]
[SourceDate "2015.09.14"]

1. e4 c6 2. d4 d5 3. Nd2 dxe4 4. Nxe4 Bf5 5. Ng3 Bg6 6. h4 h6 7. Nf3 e6 8. Ne5
Bh7 9. Bd3 Bxd3 10. Qxd3 Nd7 11. f4 Bb4+ 12. c3 Be7 13. Bd2 Ngf6 14. O-O-O c5
15. Qf3 cxd4 16. cxd4 O-O 17. f5 Qc7+ 18. Kb1 Nxe5 19. dxe5 Qxe5 20. fxe6 fxe6
21. Rhe1 Qb5 22. Rxe6 Nd5 23. Qe2 Qxe2 24. Nxe2 Rad8 25. g3 Kf7 26. Re4 Nf6 27.
Rc4 Rd7 28. Kc2 Rfd8 29. Nc3 a6 30. Be3 Rxd1 31. Nxd1 Nd5 32. Bd2 b5 33. Re4
Bd6 34. g4 Nf6 35. Rd4 Rc8+ 36. Kd3 Be5 37. Rb4 Rc5 38. a4 Rd5+ 39. Kc2 Bd6 40.
Rb3 Nxg4 41. Nc3 Rh5 42. axb5 axb5 43. Nxb5 Be7 44. Be1 Bxh4 45. Rh3 Rxb5 46.
Bxh4 g5 47. Be1 Kg6 48. b4 h5 49. Kd3 Ne5+ 50. Kd4 g4 51. Rc3 Nf3+ 52. Kc4 Rf5
53. Bg3 h4 54. Bd6 g3 55. b5 g2 56. Rc1 Nd2+ 57. Kb4 Rf1 0-1

[Event "37. Copenhagen Open (Politiken Cup)"]
[Site "Elsinore"]
[Date "2015.07.27"]
[Round "4"]
[White "Thomsen, Kim"]
[Black "Hojgaard, Brandur"]
[Result "0-1"]
[WhiteElo "1997"]
[BlackElo "1787"]
[PlyCount "146"]
[EventDate "2015.07.25"]
[EventType "swiss"]
[EventRounds "10"]
[EventCountry "DEN"]
[Source "ChessBase"]
[SourceDate "2015.09.14"]

1. d4 Nf6 2. c4 e6 3. Nf3 Bb4+ 4. Nbd2 O-O 5. Qc2 d5 6. a3 Be7 7. e3 Nbd7 8.
cxd5 exd5 9. Bd3 c5 10. b3 cxd4 11. Nxd4 Nc5 12. Be2 Nce4 13. Bf3 Ng5 14. Bb2
Bd7 15. Be2 Rc8 16. Qd3 a6 17. Nf5 Bb5 18. Nxe7+ Qxe7 19. Qf5 Nfe4 20. Bxb5
axb5 21. Nxe4 Nxe4 22. O-O Rc7 23. Bd4 Qe6 24. Qh5 Rfc8 25. f3 Nd2 26. Rfe1
Nxb3 27. Rad1 Nxd4 28. Rxd4 Rc1 29. Rdd1 Rxd1 30. Rxd1 Qxe3+ 31. Kh1 Rd8 32.
Qh4 f6 33. Qb4 Qe2 34. Re1 Qc4 35. Qe7 Rc8 36. Qe6+ Kf8 37. Qd6+ Kg8 38. Qe6+
Kf8 39. Qe7+ Kg8 40. Qxb7 Qc6 41. Qa7 h6 42. h3 Rc7 43. Qd4 Qc4 44. Qe3 Qc6 45.
Rd1 Kf7 46. Qd2 Rd7 47. Rc1 Qb6 48. Rb1 Qc5 49. Qd3 Qc4 50. Qf5 Qc6 51. Qh5+
Kf8 52. Qf5 Rc7 53. Rd1 Rd7 54. Rd4 Qd6 55. Qd3 Rc7 56. f4 Rc1+ 57. Kh2 Rc4 58.
Kg1 Rxd4 59. Qxd4 Qxa3 60. Qxd5 Qc1+ 61. Kh2 Qxf4+ 62. Kg1 Qc4 63. Qd8+ Kf7 64.
Qd7+ Kg6 65. Qe8+ Kh7 66. h4 Qd3 67. Qe7 Qb1+ 68. Kf2 b4 69. g4 b3 70. g5 fxg5
71. hxg5 Qf5+ 72. Ke2 Qxg5 73. Qe4+ Qg6 0-1